000 00656nam a2200253Ia 4500
005 20260121153833.0
008 008 260114s9999 xx 000 0 eng d
020 _a9780429286674
037 _aEBOOK
040 _aCRL
040 _beng
040 _cCRL
041 _2eng
041 _aeng
084 _qCRL
100 _aSuresh C. Ameta; Lionello Pogliani; A. K. Haghi
_9999738
245 0 _aChemistry and Industrial Techniques for Chemical Engineers
260 _bTaylor and Francis
260 _c2021
856 _uhttp://www.taylorfrancis.com/books/9780429286674
942 _cEBOOK
999 _c1566559
_d1566559